000 00253nam a2200109Ia 4500
008 190216s9999||||xx |||||||||||||| ||und||
100 _aAbid Husain S
245 4 _aThe National Culture Of India
260 _bNbt India
650 _aHistory
942 _cBK
999 _c19886
_d19886